[Event "EU-ch Railways USIC op"]
[Site "Dresden"]
[Date "2000.06.24"]
[Round "7"]
[White "Bloder, Gerhard"]
[Black "Melcher, Jakob"]
[Result "1/2-1/2"]
[WhiteElo "1640"]
[BlackElo "1740"]
[PlyCount "73"]
[EventDate "2000.06.20"]
[EventType "swiss"]
[EventRounds "7"]
[EventCountry "GER"]
[SourceTitle "EXT 2001"]
[Source "ChessBase"]
[SourceDate "2000.11.22"]
[SourceVersion "1"]
[SourceVersionDate "2000.11.22"]
[SourceQuality "1"]

1. e4 c6 2. d4 d5 3. Nc3 dxe4 4. Nxe4 Nf6 5. Nxf6+ exf6 6. Bc4 Bd6 7. Qe2+ Qe7 8. Qxe7+ Bxe7 9. Ne2 Be6 10. Bd3 Nd7 11. c4 Rd8 12. 0-0 Kf8 13. b3 a5 14. a4 Bb4 15. Ba3 Bxa3 16. Rxa3 g6 17. Raa1 Nc5 18. Bc2 Na6 19. Rad1 Nb4 20. Bb1 Rd7 21. Rd2 Kg7 22. Rfd1 Rhd8 23. Nc3 f5 24. f4 Kf8 25. Kf2 Na6 26. Ne2 Nb4 27. Ng1 f6 28. Ne2 Bf7 29. h4 Rc7 30. Rc1 Re7 31. Ng1 Na6 32. Nf3 Nc7 33. g3 h5 34. Re1 Rxe1 35. Nxe1 Na6 36. Re2 Re8 37. Rxe8+ 1/2-1/2